Arctic Monkeys Lyrics - Bad Woman - Statistics

General Stats
  • This quiz has been taken 29 times
  • The average score is 86 of 124
Answer Stats
Lyrics % Correct
a
100%
bad,
100%
bad
100%
woman
100%
you
100%
You
100%
You're
100%
I
91%
the
91%
And
82%
and
82%
be
82%
in
82%
When
82%
Are
73%
But
73%
I'm
73%
is
73%
me
73%
me?
73%
this
73%
Do
64%
for
64%
my
64%
of
64%
see
64%
have
55%
it's
55%
man
55%
said
55%
so
55%
time
55%
to
55%
wait,
55%
would
55%
back
45%
been
45%
driving
45%
If
45%
if
45%
I've
45%
kind
45%
little
45%
need
45%
not
45%
there?
45%
think
45%
waiting
45%
while
45%
you'd
45%
about
36%
affair?
36%
another
36%
can't
36%
flashing
36%
Imagine
36%
left
36%
long
36%
new
36%
such
36%
things,
36%
wild
36%
call,
27%
evening
27%
house
27%
just
27%
keep
27%
mind
27%
Pictures
27%
stand
27%
without
27%
only
18%
planning
18%
through
18%
No matching quizzes found
Score Distribution
Percent of People with Each Score
Percentile by Number Answered
Your Score History
You have not taken this quiz